| 000 | 00864 a2200217 4500 | ||
|---|---|---|---|
| 003 | UA-OsUOA | ||
| 005 | 20230215102333.0 | ||
| 008 | 230215b un ||||| |||| 00| 0 ukr d | ||
| 040 |
_aUA-OsUOA _bukr _cUA-OsUOA _dUA-OsUOA |
||
| 041 | _aukr | ||
| 080 | _a09:821.161.2 | ||
| 090 |
_a09:821.161.2 _bК73 |
||
| 100 | _aКотляревський І. | ||
| 245 |
_aЕнеїда _bна українську мову перелицьована _cІ. Котляревський _nЧ. 1 і 2 |
||
| 260 |
_aБуенос Айрес _bПерелом _c1944 |
||
| 300 | _a32 с. | ||
| 650 |
_2UDC _a821 Художня література окремими мовами і мовними сім'ями |
||
| 942 |
_cRB _2udc |
||
| 955 | _a3 | ||
| 999 |
_c573812 _d573812 |
||